Recovering the Soul /

Сохранить в:
Библиографические подробности
Главный автор: Dossey, Larry (autor)
Формат:
Язык:английский
Опубликовано: Nueva York, EUA : Bantam Books, 1989, c1989
Метки: Добавить метку
Нет меток, Требуется 1-ая метка записи!

MARC

LEADER 00000nam^a2200000^a^4500
001 000618275
005 20260220000000.0
009 20260310133757.307
020 |a 0-553-34790-X 
037 |a Acervo ITESO - Biblioteca 
041 |a ING 
091 |a FOB. 00335 
100 |a Dossey, Larry  |e (autor) 
245 1 0 |a Recovering the Soul / 
264 4 |a Nueva York, EUA :  |b Bantam Books,  |c 1989, c1989 
300 |a 319 p. 
336 |a texto  |b txt  |2 rdacontenido 
337 |a sin mediación  |b n  |2 rdamedio 
338 |a volumen  |b nc  |2 rdasoporte 
649 |a XX 
910 |a Fondo Carlos de Obeso Orendain 
920 |a Impresos - Libros 
930 |a Fondos Especiales 
905 |a 147 
901 |a 618275-10  |b IT2  |c ESP  |i D87960  |u 20250813 
902 |a https://opac.biblio.iteso.mx/vufind/Record/000618275